| 000 | 00970nam a2200193Ia 4500 | ||
|---|---|---|---|
| 008 | 130821s1999 ck gs spa | ||
| 040 |
_aCo-BoUCM _bspa |
||
| 041 | 0 | 0 | _aspa |
| 092 | _aCD 0064 | ||
| 100 | 1 | _aJiménez, Jorge Humberto | |
| 245 | 0 | 1 |
_aAlgo de lo que somos _cJorge Humberto Jiménez, cantautor. |
| 260 |
_aBogotá (Colombia) _bInstituto Distrital de Cultura y Turismo _c1999 |
||
| 300 | _a1 CD-ROM | ||
| 505 | _aEl rebusque. -- Blanquita blanca. -- La espera. -- Creo. -- Gerente como yo. -- Sin saber cómo y cuándo. -- Nostalgia de culebrero. -- Canta un pijao. -- Me duele el alma. -- Maleta de viaje. -- Ayer padres, hoy abuelos. -- Corazón boyacense. -- Alpargatas de mi tierra. -- Que suerte que somos dos. -- El homo sapiens. -- Cerro lindo. | ||
| 650 | 0 | 4 |
_aArte _99444 |
| 650 | 0 | 4 |
_aMúsica colombiana _vCD-ROM _919984 |
| 710 |
_aBogotá. _bAlcaldía Mayor. _bInstituto Distrital de Cultura y Turismo. IDCT |
||
| 942 |
_cMULTIMEDIA _2LOCAL _a17 _e1 |
||
| 999 |
_c29984 _d29984 |
||